[Event "European Rapid 2015"]
[Site "Minsk BLR"]
[Date "2015.12.20"]
[Round "11.33"]
[White "Shtembuliak, Evgeny"]
[Black "Romanov, Evgeny"]
[Result "1-0"]
[WhiteTitle "FM"]
[BlackTitle "GM"]
[WhiteElo "2420"]
[BlackElo "2590"]
[WhiteFideId "14113325"]
[BlackFideId "4148843"]
[EventDate "2015.12.19"]

1. Nf3 Nf6 2. g3 b6 3. Bg2 Bb7 4. O-O g6 5. b3 Bg7 6. Bb2 O-O 7. e3 d5 8. d3 c5
9. Nbd2 Nc6 10. Ne5 Rc8 11. Qe2 d4 12. Nxc6 Bxc6 13. Bxc6 Rxc6 14. e4 e5 15. a4
Nd7 16. f4 f5 17. exf5 gxf5 18. Rae1 Rg6 19. Bc1 exf4 20. Rxf4 Bh6 21. Rff1 Be3+
22. Kh1 Ne5 23. Nc4 Nxc4 24. bxc4 Re6 25. Qf3 Qe7 26. Bxe3 dxe3 27. Re2 Re5 28.
Kg1 Kh8 29. Qc6 Rd8 30. Rf4 Rd4 31. Qf3 Qe6 32. Kg2 a5 33. Kg1 Kg7 34. Qb7+ Kg6
35. Qf3 h5 36. h4 Rd6 37. Kh2 Qe8 38. Qb7 Rde6 39. Qc7 Qxa4 40. Qd8 Qe8 41. Qg5+
Kh7 42. Rxf5 Rxf5 43. Qxf5+ Qg6 44. Qf3 Qg4 45. Qf7+ Kh6 46. Qf8+ Kh7 47. Qf7+
Kh6 48. Qf8+ Kg6 49. Qg8+ Kf5 50. Qf7+ Rf6 51. Qd5+ Kg6 52. Rxe3 a4 53. Kg2 a3
54. Re8 Qf5 55. Qg8+ Kh6 56. Qh8+ Kg6 57. Rg8+ Kf7 58. Rg7+ Ke6 59. Qe8+ Kd6 60.
Qe7+ 1-0

[Event "European Rapid 2015"]
[Site "Minsk BLR"]
[Date "2015.12.20"]
[Round "11.34"]
[White "Harutjunyan, Gevorg"]
[Black "Nozdrachev, Leonid"]
[Result "1/2-1/2"]
[WhiteTitle "GM"]
[BlackTitle "FM"]
[WhiteElo "2436"]
[BlackElo "2413"]
[WhiteFideId "13300873"]
[BlackFideId "24113433"]
[EventDate "2015.12.19"]

1. e4 e5 2. Nf3 Nc6 3. d4 exd4 4. Nxd4 Bc5 5. Nxc6 Qf6 6. Qf3 Qxf3 7. gxf3 bxc6
8. Nd2 f5 9. Rg1 Bd4 10. c3 Bf6 11. f4 g6 12. e5 Bg7 13. Nc4 Ne7 14. Bg2 Ba6 15.
Na5 O-O-O 16. Be3 Nd5 17. Bxd5 cxd5 18. O-O-O c6 19. Bxa7 Bh6 20. Be3 Kc7 21.
Rg3 Ra8 22. b4 Be2 23. Rd2 Bh5 24. c4 Rhb8 25. a3 d4 26. Rxd4 c5 27. Rd5 cxb4
28. axb4 Rxb4 29. Bd2 Rxa5 30. Rxa5 Rxc4+ 31. Kb2 Bxf4 32. Bxf4 Rxf4 33. Ra7+
Kb6 34. Rxd7 Rxf2+ 35. Ka3 Re2 36. Rb3+ Kc6 37. Rd6+ Kc7 38. Rc3+ Kb7 39. e6 f4
40. Rb3+ Kc7 41. Rbb6 Bf3 42. Ra6 Bg4 43. Rd7+ Kb8 44. Rb6+ Kc8 45. Rc6+ Kb8 46.
Rb6+ Kc8 47. Rc6+ Kb8 48. Rb6+ Kc8 49. Re7 f3 50. Rc6+ Kb8 51. Rd6 Kc8 52. Ra6
Kb8 53. Rb6+ Kc8 54. Rc6+ Kb8 55. Rf7 Re3+ 56. Kb4 Bxe6 57. Rf6 Bf5 58. Rc4 Re2
59. Rf8+ Kb7 60. Rf7+ Kb6 61. Rf6+ Kb7 62. Rf7+ Kb6 63. Rf6+ Kb7 64. Rf7+ Kb6
65. Rf6+ Kb7 66. Rf7+ 1/2-1/2

[Event "European Rapid 2015"]
[Site "Minsk BLR"]
[Date "2015.12.20"]
[Round "11.35"]
[White "Khoroshilov, Nikita"]
[Black "Kryakvin, Dmitry"]
[Result "0-1"]
[BlackTitle "GM"]
[WhiteElo "2294"]
[BlackElo "2529"]
[WhiteFideId "24145122"]
[BlackFideId "4153278"]
[EventDate "2015.12.19"]

1. Nf3 Nf6 2. g3 g6 3. Bg2 Bg7 4. O-O O-O 5. d3 c5 6. e4 d6 7. c3 Nc6 8. Re1 Rb8
9. a4 a6 10. Nbd2 b5 11. axb5 axb5 12. Nf1 Bg4 13. h3 Bxf3 14. Bxf3 Nd7 15. Be3
b4 16. d4 bxc3 17. bxc3 Qc7 18. Qd2 h5 19. Red1 Rb3 20. Rab1 Rfb8 21. Rxb3 Rxb3
22. Be2 Qa5 23. dxc5 Nxc5 24. Qd5 Rb6 25. Bc4 Ne5 26. Bxc5 Qxc5 27. Qxc5 dxc5
28. Rd8+ Kh7 29. Ne3 h4 30. gxh4 Nxc4 31. Nxc4 Rb1+ 32. Kg2 Bxc3 33. Rd7 Bf6 34.
Rc7 Bxh4 35. Rxc5 Rc1 36. f4 Rc2+ 37. Kf3 Rc3+ 38. Kg2 Bg3 39. Rc7 Bxf4 40. Rxe7
Kg7 41. Nb6 Rg3+ 42. Kf2 Rxh3 43. Nd5 Bd6 44. Re8 Ra3 45. Rc8 Be5 46. Rc4 Kh6
47. Ne3 Kg5 48. Rc5 Kf4 49. Rxe5 Ra2+ 0-1

[Event "European Rapid 2015"]
[Site "Minsk BLR"]
[Date "2015.12.20"]
[Round "11.36"]
[White "Vorontsov, Pavlo"]
[Black "Putka, Verners"]
[Result "1/2-1/2"]
[WhiteTitle "IM"]
[WhiteElo "2395"]
[BlackElo "2307"]
[WhiteFideId "14116367"]
[BlackFideId "11600659"]
[EventDate "2015.12.19"]

1. e4 e5 2. Nf3 Nf6 3. Nxe5 d6 4. Nf3 Nxe4 5. Nc3 Nxc3 6. dxc3 Be7 7. Be3 Nc6 8.
Qd2 Be6 9. O-O-O Qd7 10. Kb1 O-O-O 11. Nd4 a6 12. Nxe6 fxe6 13. f4 Bf6 14. g3
Kb8 15. Bh3 Qf7 16. Rhe1 Rhe8 17. Bg2 d5 18. Bg1 Rd6 19. Bc5 Rd7 20. c4 Qh5 21.
Qe2 Qxh2 22. cxd5 Red8 23. Rd3 Rxd5 24. Bxd5 Qxe2 25. Rxe2 exd5 26. g4 h6 27. c3
b6 28. Bf2 Kb7 29. Kc2 Rd7 30. Red2 Ne7 31. Bd4 Bxd4 32. Rxd4 Rd6 33. Re2 Nc6
34. Rd1 d4 35. f5 Rd5 36. Re4 h5 37. Rf1 hxg4 38. Rxg4 dxc3 39. bxc3 Ne7 40.
Rgf4 Re5 41. R4f2 Kc6 42. f6 gxf6 43. Rxf6+ Kb7 44. Rf7 Nc6 45. R1f5 Re2+ 46.
Kb1 Re3 47. Kc2 Re2+ 48. Kb1 Re3 49. Kc2 Re2+ 50. Kb1 1/2-1/2

[Event "European Rapid 2015"]
[Site "Minsk BLR"]
[Date "2015.12.20"]
[Round "11.37"]
[White "Bortnyk, Mykola"]
[Black "Kononenko, Dmitry2"]
[Result "1-0"]
[WhiteTitle "IM"]
[BlackTitle "FM"]
[WhiteElo "2416"]
[BlackElo "2206"]
[WhiteFideId "14120836"]
[BlackFideId "14113538"]
[EventDate "2015.12.19"]

1. e4 c6 2. Nc3 d5 3. Nf3 Bg4 4. h3 Bxf3 5. Qxf3 Nf6 6. d4 dxe4 7. Qe3 e6 8.
Nxe4 Nxe4 9. Qxe4 Nd7 10. c3 Nf6 11. Qf3 h6 12. Bd3 Bd6 13. O-O O-O 14. Re1 Qc7
15. Bxh6 gxh6 16. Qxf6 Bh2+ 17. Kh1 Qf4 18. Rxe6 Qxf6 19. Rxf6 Kg7 20. Rf3 Bd6
21. Re1 Rfe8 22. Rfe3 Rxe3 23. fxe3 c5 24. g4 Re8 25. Kg2 cxd4 26. cxd4 Rc8 27.
Kf3 Bb4 28. Rf1 f6 29. e4 Rd8 30. Ke3 Ba5 31. Bc4 Rc8 32. Kd3 Rc7 33. h4 Rd7 34.
Bd5 Rc7 35. Rf5 Be1 36. g5 Bxh4 37. gxf6+ Bxf6 38. e5 Bg5 39. Be6 Kg6 40. d5 Rc1
41. Rf7 Rd1+ 42. Kc2 Rd2+ 43. Kc3 Re2 44. Rxb7 Rxe5 45. Rxa7 Bf6 46. Kd3 h5 47.
b4 h4 48. b5 h3 49. Bf7+ Kg5 50. Rc7 h2 51. Rc1 Re7 52. Be6 Rh7 53. Rh1 Kf4 54.
a4 Ke5 55. b6 Kd6 56. Kc4 Rh4+ 57. Kb5 Bc3 58. a5 Rb4+ 59. Ka6 Rb2 60. b7 Be5
61. Ka7 Ke7 62. a6 Bd6 63. Ka8 Rb6 64. a7 Ra6 65. b8=Q Bxb8 66. Kxb8 Kd6 67.
a8=Q Rxa8+ 68. Kxa8 1-0

[Event "European Rapid 2015"]
[Site "Minsk BLR"]
[Date "2015.12.20"]
[Round "11.38"]
[White "Mochalov, Evgeny V"]
[Black "Dydyshko, Viacheslav"]
[Result "1-0"]
[WhiteTitle "IM"]
[BlackTitle "GM"]
[WhiteElo "2381"]
[BlackElo "2506"]
[WhiteFideId "13500074"]
[BlackFideId "13500031"]
[EventDate "2015.12.19"]

1. c4 Nf6 2. Nc3 c6 3. e4 e5 4. Nf3 d6 5. d4 Nbd7 6. g3 Be7 7. Bg2 O-O 8. O-O a6
9. a4 a5 10. b3 Re8 11. Re1 Bf8 12. h3 g6 13. Rb1 exd4 14. Nxd4 Nc5 15. Bg5 h6
16. Bf4 Nh5 17. Be3 Kh7 18. Qc2 Qe7 19. Rbd1 Bd7 20. g4 Nf6 21. Bf4 Rad8 22. Bg3
Bc8 23. f4 Bg7 24. f5 g5 25. e5 dxe5 26. Bxe5 Qf8 27. Nf3 Rxd1 28. Rxd1 Rd8 29.
Bc7 Rxd1+ 30. Nxd1 Na6 31. Bb6 Qb4 32. Bd4 Nc5 33. Nd2 Kg8 34. Qb2 1-0

[Event "European Rapid 2015"]
[Site "Minsk BLR"]
[Date "2015.12.20"]
[Round "11.39"]
[White "Reshetnikov, Evgeny"]
[Black "Loginov, Valery A"]
[Result "0-1"]
[WhiteTitle "FM"]
[BlackTitle "GM"]
[WhiteElo "2296"]
[BlackElo "2486"]
[WhiteFideId "4138210"]
[BlackFideId "4126297"]
[EventDate "2015.12.19"]

1. e4 c5 2. Nf3 d6 3. d4 cxd4 4. Nxd4 Nf6 5. Nc3 Nc6 6. Be2 e5 7. Nb3 Be7 8. O-O
O-O 9. f4 a5 10. a4 Nb4 11. Kh1 Be6 12. Be3 Rc8 13. Bf3 Bc4 14. Rf2 exf4 15.
Bxf4 Qb6 16. Qd4 Qxd4 17. Nxd4 d5 18. Rd2 Bc5 19. Nf5 d4 20. Nb5 d3 21. cxd3
Nxd3 22. Bd6 Bxb5 23. Ne7+ Kh8 24. Nxc8 Rxc8 25. Bxc5 Nxc5 26. Rad1 Bxa4 27.
Rd8+ Rxd8 28. Rxd8+ Ne8 29. e5 g6 30. Rc8 b6 31. Rb8 Kg7 32. Rxb6 Nc7 33. Rb8
Bb3 34. Rc8 N7e6 35. Ra8 a4 36. Bc6 Nd3 37. Bxa4 Bxa4 38. Rxa4 Nxb2 39. Re4 Nd3
40. Kg1 g5 41. h4 Kg6 42. hxg5 Kf5 43. Ra4 Nxe5 44. Ra5 Nxg5 45. Rb5 f6 46. Ra5
Ne4 47. Ra4 h5 48. Rb4 Ng4 49. Rb5+ Kg6 50. Ra5 f5 51. Ra6+ Kg5 52. Ra4 Ne3 53.
Ra3 Nc4 54. Ra4 Ne5 55. Ra5 Nd3 56. Ra3 Nf4 57. Ra8 Ne2+ 58. Kf1 N2g3+ 59. Kg1
Kf4 60. Ra4 Ne2+ 61. Kf1 Nc3 62. Ra3 Nd5 63. Rf3+ Kg4 64. Ra3 f4 65. Ra8 Ne3+
66. Kg1 Kg3 67. Rh8 h4 68. Rg8+ Ng4 69. Rg7 Nc3 70. Kf1 Nd5 71. Kg1 Ne3 72. Rg8
Nxg2 73. Kh1 Ne3 74. Kg1 f3 75. Rf8 Nd5 76. Kh1 Nf4 77. Ra8 h3 78. Ra3 Nf2+ 0-1

[Event "European Rapid 2015"]
[Site "Minsk BLR"]
[Date "2015.12.20"]
[Round "11.40"]
[White "Grishchenko, Sergey1"]
[Black "Meribanov, Vitaly"]
[Result "0-1"]
[WhiteTitle "IM"]
[BlackTitle "IM"]
[WhiteElo "2442"]
[BlackElo "2392"]
[WhiteFideId "4136730"]
[BlackFideId "13504363"]
[EventDate "2015.12.19"]

1. d4 Nf6 2. c4 c5 3. d5 b5 4. cxb5 a6 5. Nc3 axb5 6. e4 b4 7. Nb5 d6 8. Nf3 g6
9. Bc4 Bg7 10. O-O Nbd7 11. Re1 O-O 12. a4 bxa3 13. Rxa3 Rxa3 14. Nxa3 Ng4 15.
Bb5 Nb6 16. Qb3 Bd7 17. Bd2 Bxb5 18. Qxb5 Nd7 19. Bc3 Nge5 20. Nd2 Qb8 21. Qe2
Nb6 22. Qa6 Ned7 23. Bxg7 Kxg7 24. Qd3 Qb7 25. b4 Ne5 26. Qc3 Na4 27. Qa1 cxb4
28. f4 bxa3 29. fxe5 dxe5 30. Qxa3 Qb6+ 31. Kh1 Nc5 32. Rb1 Qd6 33. Nc4 Qc7 34.
Rc1 Nxe4 35. Ne3 Qb6 36. h3 Rb8 37. Ng4 Qb2 38. Qe3 Ng3+ 39. Kh2 Nf5 0-1

[Event "European Rapid 2015"]
[Site "Minsk BLR"]
[Date "2015.12.20"]
[Round "11.41"]
[White "Kulaots, Kaido"]
[Black "Vovk, Orest"]
[Result "1-0"]
[WhiteTitle "GM"]
[WhiteElo "2574"]
[BlackElo "2279"]
[WhiteFideId "4500261"]
[BlackFideId "14113490"]
[EventDate "2015.12.19"]

1. e4 Nc6 2. Bb5 d5 3. d3 dxe4 4. Bxc6+ bxc6 5. dxe4 Qxd1+ 6. Kxd1 e5 7. Be3 Be6
8. Nd2 O-O-O 9. Ke2 Kb7 10. Ngf3 f6 11. Ne1 f5 12. exf5 Bxf5 13. Nd3 Bxd3+ 14.
cxd3 Nf6 15. Nc4 Rd5 16. b4 c5 17. b5 e4 18. Rhd1 exd3+ 19. Rxd3 Rxd3 20. Kxd3
Bd6 21. h3 Rd8 22. Kc2 a6 23. bxa6+ Kxa6 24. Rd1 Kb5 25. Kb3 Rb8 26. Nxd6+ Kc6+
27. Kc2 cxd6 28. Rxd6+ Kb5 29. Kb3 Ka5+ 30. Kc2 Kb5 31. Rd3 c4 32. Rd6 Ne4 33.
Re6 Nf6 34. Re5+ Ka4 35. Bd2 Ra8 36. Rc5 Ka3 37. Rxc4 Kxa2 38. g4 Nd5 39. f4 Ra7
40. f5 h6 41. Rc5 Nf6 42. Ra5+ Rxa5 43. Bxa5 Ka3 44. Bc3 Ne8 45. Kd3 Kb3 46. Be5
Kb4 47. Kd4 Kb5 48. Kd5 Kb6 49. h4 Kb7 50. h5 Kc8 51. Ke6 Kd8 52. Kf7 Kd7 53.
Bxg7 Nd6+ 54. Kg6 Ne4 55. Bxh6 Nf2 56. Bg7 Nxg4 57. h6 1-0

[Event "European Rapid 2015"]
[Site "Minsk BLR"]
[Date "2015.12.20"]
[Round "11.42"]
[White "Pultinevicius, Paulius"]
[Black "Faizrakhmanov, Ramil"]
[Result "0-1"]
[BlackTitle "FM"]
[WhiteElo "2262"]
[BlackElo "2426"]
[WhiteFideId "12809390"]
[BlackFideId "24103209"]
[EventDate "2015.12.19"]

1. Nf3 Nf6 2. c4 g6 3. Nc3 d5 4. d4 Bg7 5. Bg5 Ne4 6. cxd5 Nxg5 7. Nxg5 e6 8.
Qd2 exd5 9. Qe3+ Kf8 10. Qf4 Bf6 11. h4 c6 12. e3 h6 13. Nf3 Be6 14. Bd3 Nd7 15.
e4 dxe4 16. Bxe4 Qb8 17. Qd2 Qd6 18. O-O-O Bg4 19. Bc2 Kg7 20. Ne4 Qd5 21. Nxf6
Nxf6 22. Bb3 Qd6 23. Rde1 Bxf3 24. gxf3 Rhe8 25. Rxe8 Rxe8 26. Rd1 Re7 27. Kb1
Qh2 28. Re1 Rd7 29. Qb4 Qxf2 30. Re7 Qg1+ 31. Kc2 Qh2+ 32. Kb1 Qc7 33. Rxd7 Qxd7
34. a4 b6 35. Ka2 Nd5 36. Qe1 Qe7 37. Qg3 Nb4+ 38. Ka1 Qe3 39. Qe5+ Qxe5 40.
dxe5 c5 41. Kb1 h5 42. Bc4 Nc6 43. f4 Nd4 44. Kc1 Nf3 45. Bd5 Nxh4 46. Kd2 Nf5
47. Kd3 h4 48. Kc4 Ne3+ 0-1

[Event "European Rapid 2015"]
[Site "Minsk BLR"]
[Date "2015.12.20"]
[Round "11.43"]
[White "Kuzmin, Egor"]
[Black "Zakhartsov, Vladimir"]
[Result "0-1"]
[WhiteTitle "FM"]
[BlackTitle "IM"]
[WhiteElo "2250"]
[BlackElo "2462"]
[WhiteFideId "24101737"]
[BlackFideId "4145097"]
[EventDate "2015.12.19"]

1. Nf3 c5 2. c4 Nf6 3. Nc3 e6 4. g3 b6 5. Bg2 Bb7 6. O-O Be7 7. d3 O-O 8. a3 Nc6
9. Qa4 a6 10. Ne5 Qc7 11. Nxc6 Bxc6 12. Bxc6 dxc6 13. Qc2 h6 14. b3 Rfd8 15. Bb2
Ng4 16. h3 Ne3 17. fxe3 Qxg3+ 18. Kh1 Qxh3+ 19. Kg1 Qg3+ 20. Kh1 Bd6 21. Rf4 g5
22. Ne4 Qh3+ 23. Kg1 gxf4 24. Rf1 f5 25. Nxd6 Rxd6 26. Rf3 Qg4+ 27. Kf1 Kh7 28.
exf4 Qh4 29. e4 Rg8 0-1

[Event "European Rapid 2015"]
[Site "Minsk BLR"]
[Date "2015.12.20"]
[Round "11.44"]
[White "Sirotkina, Nina"]
[Black "Smirnov, Alexey"]
[Result "1-0"]
[WhiteTitle "WIM"]
[WhiteElo "2214"]
[BlackElo "2455"]
[WhiteFideId "4107284"]
[BlackFideId "4168437"]
[EventDate "2015.12.19"]

1. d4 Nf6 2. c4 e6 3. Nc3 Bb4 4. Qc2 d5 5. cxd5 exd5 6. Bg5 c6 7. e3 h6 8. Bh4
g5 9. Bg3 Ne4 10. Bd3 Nxg3 11. hxg3 Kf8 12. Nf3 Kg7 13. O-O-O Nd7 14. Kb1 Nf6
15. Ne5 Qe7 16. f4 Be6 17. Rc1 Ng4 18. f5 Nxe3 19. Qf2 Nxf5 20. Bxf5 Qf6 21.
Rhf1 Bxf5+ 22. Qxf5 Qxf5+ 23. Rxf5 f6 24. Ng4 Rhf8 25. Rcf1 Be7 26. Ne3 Rae8 27.
R5f3 Kg6 28. g4 Bb4 29. Nf5 Bxc3 30. bxc3 Re4 31. Ne3 Re6 32. Kc2 Rh8 33. Rh1
Re4 34. Kd3 b5 35. Rfh3 a6 36. Rg3 Rf4 37. Rf3 Re4 38. a4 Rb8 39. axb5 axb5 40.
Rhf1 Rf8 41. Ra1 Rfe8 42. Ra7 R4e7 43. Ra6 Re6 44. Nf5 c5 45. Rxe6 c4+ 46. Kd2
Rxe6 47. Ne3 Ra6 48. Nxd5 Ra2+ 49. Ke3 Rxg2 50. Rxf6+ Kg7 51. Kf3 Rb2 52. Rb6
Rb3 53. Ke4 Rb1 54. Rb7+ Kg6 55. Rb6+ Kg7 56. Ne3 1-0

[Event "European Rapid 2015"]
[Site "Minsk BLR"]
[Date "2015.12.20"]
[Round "11.45"]
[White "Bodnaruk, Anastasia"]
[Black "Shvyrjov, Igor"]
[Result "1-0"]
[WhiteTitle "IM"]
[BlackTitle "GM"]
[WhiteElo "2456"]
[BlackElo "2420"]
[WhiteFideId "4181751"]
[BlackFideId "4500490"]
[EventDate "2015.12.19"]

1. e4 g6 2. d4 Bg7 3. Nc3 d6 4. f4 c6 5. Nf3 Bg4 6. Be3 Qb6 7. Qd2 Nd7 8. O-O-O
Qa5 9. Kb1 b5 10. h3 Bxf3 11. gxf3 b4 12. Ne2 e6 13. h4 Ngf6 14. Ng3 Rb8 15. h5
Nb6 16. h6 Bf8 17. b3 Be7 18. Rc1 O-O 19. f5 exf5 20. Nxf5 Rfe8 21. Nxe7+ Rxe7
22. Bg5 Nfd5 23. exd5 Nxd5 24. a4 f6 25. Bf4 Nc3+ 26. Kb2 Rd8 27. Bd3 Kf8 28.
Rce1 Rxe1 29. Rxe1 Qd5 30. Be4 Qh5 31. Bxc6 g5 32. Qe3 Qf7 33. Bg3 d5 34. f4 Rc8
35. Bb5 Qc7 36. Bd3 g4 37. f5 Qd7 38. Qe6 Qxe6 39. Rxe6 Kf7 40. Bh4 Kg8 41. Rxf6
a5 42. Re6 g3 43. Bxg3 Kf7 44. Bh4 Ne4 45. Bxe4 dxe4 46. Rxe4 Kf8 47. d5 Rc7 48.
d6 Rd7 49. Be7+ Kf7 50. Rg4 Rb7 51. Rg7+ Ke8 52. f6 Rb8 53. Rg8+ 1-0

[Event "European Rapid 2015"]
[Site "Minsk BLR"]
[Date "2015.12.20"]
[Round "11.46"]
[White "Yezhel, Valiantsin"]
[Black "Girya, Olga"]
[Result "0-1"]
[BlackTitle "WGM"]
[WhiteElo "2193"]
[BlackElo "2456"]
[WhiteFideId "13504983"]
[BlackFideId "4195752"]
[EventDate "2015.12.19"]

1. d4 d5 2. Nf3 Nf6 3. g3 Bg4 4. Bg2 c6 5. Ne5 Bh5 6. c4 e6 7. Qb3 Qb6 8. Nc3
Nbd7 9. Nxd7 Nxd7 10. O-O Be7 11. e4 dxe4 12. Nxe4 O-O 13. Qxb6 Nxb6 14. b3 Rfd8
15. Be3 Nd7 16. f3 Nf6 17. Nc3 Rd7 18. Rad1 Rad8 19. Bh3 Bg6 20. d5 cxd5 21.
cxd5 Nxd5 22. Nxd5 Rxd5 23. Rxd5 exd5 24. Bxa7 d4 25. Rd1 Bf6 26. Bf1 Bc2 27.
Rd2 d3 28. Bxd3 Bxd3 29. Kf2 Bb5 30. Rc2 Bc6 31. Be3 h5 32. Rc5 Rd5 33. Rc4 Rd1
34. g4 hxg4 35. fxg4 Bh4+ 36. Ke2 Rh1 37. Bf4 Bb5 0-1

[Event "European Rapid 2015"]
[Site "Minsk BLR"]
[Date "2015.12.20"]
[Round "11.47"]
[White "Roiz, Michael"]
[Black "Kazakovskiy, Valeriy"]
[Result "1-0"]
[WhiteTitle "GM"]
[BlackTitle "IM"]
[WhiteElo "2594"]
[BlackElo "2342"]
[WhiteFideId "2804158"]
[BlackFideId "13507443"]
[EventDate "2015.12.19"]

1. d4 Nf6 2. c4 e6 3. Nc3 Bb4 4. Qc2 O-O 5. Nf3 d6 6. e3 Nc6 7. Bd2 e5 8. d5 Ne7
9. a3 Bxc3 10. Bxc3 a5 11. Nd2 a4 12. Bd3 Ng6 13. O-O Nh5 14. Be2 Qg5 15. Ne4
Qh6 16. Qd1 Nf6 17. Nxf6+ gxf6 18. f4 b6 19. Kh1 Nh4 20. e4 f5 21. fxe5 fxe4 22.
exd6 Nf5 23. Rxf5 Bxf5 24. Qd4 f6 25. dxc7 Rf7 26. Rf1 Qg5 27. d6 Be6 28. Qxe4
Re8 29. Qxe6 1-0

[Event "European Rapid 2015"]
[Site "Minsk BLR"]
[Date "2015.12.20"]
[Round "11.48"]
[White "Stupak, Kirill"]
[Black "Reprintsev, Alexander"]
[Result "1-0"]
[WhiteTitle "GM"]
[BlackTitle "IM"]
[WhiteElo "2542"]
[BlackElo "2321"]
[WhiteFideId "13503758"]
[BlackFideId "14100541"]
[EventDate "2015.12.19"]

1. d4 d5 2. Nf3 Bf5 3. c4 e6 4. Nc3 c6 5. g3 Nf6 6. Bg2 Nbd7 7. O-O Bd6 8. Qb3
Rb8 9. Nh4 Bg4 10. h3 Bh5 11. cxd5 exd5 12. Nf5 Bf8 13. Bf4 Bg6 14. Nd6+ Bxd6
15. Bxd6 Nb6 16. Bxb8 Qxb8 17. Qb4 Nc8 18. e4 dxe4 19. d5 Ne7 20. dxc6 Nxc6 21.
Qa3 b5 22. Qc5 Qb6 23. Qxb6 axb6 24. Rfe1 O-O 25. Nxe4 Nb4 26. Nxf6+ gxf6 27.
Red1 Rc8 28. a3 Nd3 29. Rd2 b4 30. axb4 Nxb4 31. Ra8 Rxa8 32. Bxa8 Bd3 33. f4
Kf8 34. Kf2 Ke7 35. Ke3 Bf1 36. Bg2 Bb5 37. Be4 h6 38. Rd4 Na6 39. Bd3 1-0

[Event "European Rapid 2015"]
[Site "Minsk BLR"]
[Date "2015.12.20"]
[Round "11.49"]
[White "Tukhaev, Adam"]
[Black "Nikitenko, Mihail"]
[Result "1-0"]
[WhiteTitle "GM"]
[WhiteElo "2564"]
[BlackElo "2396"]
[WhiteFideId "14109476"]
[BlackFideId "13506862"]
[EventDate "2015.12.19"]

1. e4 c5 2. Nf3 d6 3. d4 cxd4 4. Nxd4 Nf6 5. Nc3 a6 6. Be3 e5 7. Nb3 Be7 8. h3
Be6 9. f4 exf4 10. Bxf4 Nc6 11. Qe2 Ne5 12. O-O-O Qc7 13. Kb1 Rc8 14. g4 h6 15.
Nd5 Bxd5 16. exd5 Nfd7 17. Nd4 Bf6 18. h4 Kd8 19. Rh3 Re8 20. g5 Ng6 21. Re3
Rxe3 22. Bxe3 hxg5 23. hxg5 Be5 24. Bh3 Qc4 25. Qg4 Rc7 26. Nc6+ 1-0